ABC kryptosystém

Saved in:
Bibliographic Details
Main Author: Radvan, Peter (Author)
Other Authors: Hromada, Viliam (Thesis advisor)
Format: Manuscript Book
Language:Slovak
Published: 2018
Subjects:
Online Access:http://is.stuba.sk/zp/portal_zp.pl?podrobnosti=123397
Tags: Add Tag
No Tags, Be the first to tag this record!

MARC

LEADER 00000ntm a22000003a 4500
001 stuzp66369
003 SK-STU
005 20181126110000.1
007 ta
008 150427s2015----xo-----f-mn---000-0-slo-d
040 |a STU  |b slo 
041 0 |a slo 
044 |a xo 
100 1 |a Radvan, Peter  |u 035000  |4 aut  |U FEI Fakulta elektrotechniky a informatiky  |T FEI Ústav informatiky a matematiky  |X 80071  |U E050  |Y 816  |7 80071 
242 0 1 |a Simple Matrix Scheme for Encryption  |y eng 
245 1 0 |a ABC kryptosystém 
260 |c 2018 
300 |a 39 s., príl.,  |b DVD 
650 4 |a asymmetric cryptosystem  |2 eng 
650 4 |a multivariate cryptography  |2 eng 
650 4 |a post-quantum cryptography  |2 eng 
650 4 |a MQ kryptografia  |2 slo 
650 4 |a post-kvantová kryptografia  |2 slo 
650 4 |a asymetrický kryptosystém  |2 slo 
700 1 |a Hromada, Viliam  |u 035000  |k Z1  |4 ths  |U FEI Fakulta elektrotechniky a informatiky  |T FEI Ústav informatiky a matematiky  |X 36029  |U E050  |Y 816  |7 A000036029 
856 4 |u http://is.stuba.sk/zp/portal_zp.pl?podrobnosti=123397 
996 |b 284ER02750  |c E*Bc- 2750  |l EE35  |s P  |a 0  |w stuzp66369_0001